Цифровая электроника и микропроцессорные устройства в медицинской технике: учебное пособие для вузов

Dettagli Bibliografici
Autore principale: Чулков В. А. Валерий Александрович
Riassunto:В учебном пособии освещены вопросы построения цифровых элементов и устройств электронной аппаратуры медицинского назначения. Учебное пособие поддерживает компетенции бакалавров ОПК-1, ОПК-3, ОПК-4, ПК-1, ПК-3, ПК-4, ПК-7 и компетенции магистров ПК-4, ПК-5 направления подготовки "Биотехнические системы и технологии" и предназначено для студентов, обучающихся по направлению подготовки бакалавров и магистров "Биотехнические системы и технологии", и может оказаться полезным студентам смежных направлений подготовки и лицам, специализирующимся в области разработки и эксплуатации биомедицинских приборов и систем.
Lingua:russo
Pubblicazione: Старый Оскол, ТНТ, 2020
Soggetti:
Natura: MixedMaterials Libro
KOHA link:https://koha.lib.tpu.ru/cgi-bin/koha/opac-detail.pl?biblionumber=345931

MARC

LEADER 00000nam0a2200000 4500
001 345931
005 20231102005830.0
010 |a 9785941786862 
035 |a (RuTPU)RU\TPU\book\377784 
090 |a 345931 
100 |a 20210416d2020 m y0rusy50 ca 
101 0 |a rus 
102 |a RU 
105 |a a j 001zy 
200 1 |a Цифровая электроника и микропроцессорные устройства в медицинской технике  |e учебное пособие для вузов  |f В. А. Чулков 
210 |a Старый Оскол  |c ТНТ  |d 2020 
215 |a 262 с.  |c ил. 
320 |a Библиогр.: с. 259-262 
330 |a В учебном пособии освещены вопросы построения цифровых элементов и устройств электронной аппаратуры медицинского назначения. Учебное пособие поддерживает компетенции бакалавров ОПК-1, ОПК-3, ОПК-4, ПК-1, ПК-3, ПК-4, ПК-7 и компетенции магистров ПК-4, ПК-5 направления подготовки "Биотехнические системы и технологии" и предназначено для студентов, обучающихся по направлению подготовки бакалавров и магистров "Биотехнические системы и технологии", и может оказаться полезным студентам смежных направлений подготовки и лицам, специализирующимся в области разработки и эксплуатации биомедицинских приборов и систем. 
606 1 |a Электроника  |x Применение в медицине  |2 stltpush  |3 (RuTPU)RU\TPU\subj\20313  |9 45422 
610 1 |a медицина 
610 1 |a двоичная арифметика 
610 1 |a булевы алгебры 
610 1 |a логические элементы 
610 1 |a цифровые функциональные узлы 
610 1 |a программируемые узлы 
610 1 |a микропроцессоры 
610 1 |a интерфейс 
610 1 |a сигналы 
610 1 |a передача сигналов 
610 1 |a учебные пособия 
675 |a 615.47(075.8)  |v 4 
700 1 |a Чулков  |b В. А.  |g Валерий Александрович 
801 1 |a RU  |b 63413507  |c 20210416 
801 2 |a RU  |b 63413507  |c 20220112  |g RCR 
942 |c BK 
959 |a 3/20210416  |d 2  |e 935,00  |f УФ:2